[Event "EU-ch (Women) 24th"]
[Site "Rhodes"]
[Date "2024.04.22"]
[Round "4"]
[White "Mkrtchian, Lilit"]
[Black "Allahverdiyeva, Ayan"]
[Result "1/2-1/2"]
[WhiteElo "2366"]
[BlackElo "2152"]
[PlyCount "31"]
[EventDate "2024.04.19"]
[EventType "swiss"]
[EventRounds "10"]
[EventCountry "GRE"]
[SourceTitle "CB18_2024"]
[SourceDate "2024.05.01"]
[SourceVersion "1"]
[SourceVersionDate "2024.05.01"]
[SourceQuality "2"]

1. Nf3 Nf6 2. g3 b6 3. Bg2 Bb7 4. 0-0 c5 5. c4 g6 6. b3 Bg7 7. Bb2 0-0 8. d4 cxd4 9. Qxd4 d6 10. Rd1 Nbd7 11. Qd2 Rc8 12. Nc3 Rc5 13. Qe1 Qa8 14. Qf1 Ne4 15. Nxe4 Bxe4 16. Bxg7 1/2-1/2

[Event "Wch Blitz (Women)"]
[Site "Samarkand"]
[Date "2023.12.30"]
[Round "17"]
[White "Tokhirjonova, Gulruhbegim"]
[Black "Allahverdiyeva, Ayan"]
[Result "0-1"]
[WhiteElo "2370"]
[BlackElo "2148"]
[PlyCount "62"]
[EventDate "2023.12.29"]
[EventType "swiss (blitz)"]
[EventRounds "17"]
[EventCountry "UZB"]
[SourceTitle "CB01_2024"]
[SourceDate "2024.01.03"]
[SourceVersion "1"]
[SourceVersionDate "2024.01.03"]
[SourceQuality "1"]

1. e4 c5 2. Nc3 d6 3. Bc4 Nc6 4. Nf3 e6 5. d4 cxd4 6. Nxd4 a6 7. 0-0 Nf6 8. a4 Be7 9. Be3 0-0 10. f4 d5 11. e5 dxc4 12. exf6 Bxf6 13. Nxc6 bxc6 14. Qe2 a5 15. Rfd1 Qc7 16. Qxc4 Rb8 17. Rab1 Rb4 18. Qa2 Ba6 19. Bc5 Qxf4 20. Bxf8 Kxf8 21. Qa3 Be5 22. g3 Qe3+ 23. Kg2 c5 24. Rd7 Bxc3 25. Rbd1 Qe2+ 26. Kh3 Bd4 27. R1xd4 cxd4 28. c3 Qf1+ 29. Kh4 dxc3+ 30. g4 Qf2+ 31. Kh3 Qf3+ 0-1

[Event "Wch Blitz (Women)"]
[Site "Samarkand"]
[Date "2023.12.29"]
[Round "2"]
[White "Allahverdiyeva, Ayan"]
[Black "Nomin Erdene, Davaademberel"]
[Result "0-1"]
[WhiteElo "2148"]
[BlackElo "2358"]
[PlyCount "62"]
[EventDate "2023.12.29"]
[EventType "swiss (blitz)"]
[EventRounds "17"]
[EventCountry "UZB"]
[SourceTitle "CB01_2024"]
[SourceDate "2024.01.03"]
[SourceVersion "1"]
[SourceVersionDate "2024.01.03"]
[SourceQuality "1"]

1. e4 c6 2. d4 d5 3. e5 Bf5 4. h4 a6 5. g4 Bd7 6. h5 h6 7. f4 e6 8. Nf3 c5 9. c3 Qb6 10. Na3 Nc6 11. Nc2 cxd4 12. cxd4 Nb4 13. Nxb4 Bxb4+ 14. Bd2 Ne7 15. Bxb4 Qxb4+ 16. Qd2 Qb6 17. a4 Nc6 18. Bh3 Na5 19. 0-0 Nb3 20. Qd3 Nxa1 21. Rxa1 Rc8 22. f5 Qxb2 23. Rf1 Rc3 24. Qd1 Qb3 25. Qe2 Re3 26. Qg2 Rc3 27. g5 hxg5 28. fxe6 fxe6 29. Qxg5 Rxf3 30. Qg6+ Kd8 31. Bxe6 Rg3+ 0-1

[Event "Wch Rapid (Women)"]
[Site "Samarkand"]
[Date "2023.12.28"]
[Round "11"]
[White "Allahverdiyeva, Ayan"]
[Black "Soumya, Swaminathan"]
[Result "1-0"]
[WhiteElo "2148"]
[BlackElo "2267"]
[PlyCount "94"]
[EventDate "2023.12.26"]
[EventType "swiss (rapid)"]
[EventRounds "11"]
[EventCountry "UZB"]
[SourceTitle "CB01_2024"]
[SourceDate "2024.01.03"]
[SourceVersion "1"]
[SourceVersionDate "2024.01.03"]
[SourceQuality "1"]

1. e4 c5 2. Nf3 d6 3. d4 cxd4 4. Nxd4 Nf6 5. Nc3 Nc6 6. Bg5 e6 7. Qd2 a6 8. 0-0-0 Bd7 9. f3 Nxd4 10. Qxd4 Be7 11. Kb1 b5 12. g4 Qc7 13. Qd2 Rc8 14. h4 b4 15. Ne2 0-0 16. Be3 e5 17. h5 h6 18. Ng3 Nh7 19. Nf5 Bxf5 20. gxf5 Bg5 21. Bxg5 Nxg5 22. Be2 a5 23. Rc1 Qb6 24. Rhg1 Qf2 25. Rcf1 Qc5 26. f6 gxf6 27. f4 exf4 28. Bd3 Kg7 29. Qxf4 Qe5 30. Qe3 Rfe8 31. Qa7 Re7 32. Qa6 Qc5 33. e5 fxe5 34. Bf5 Rce8 35. Qe2 e4 36. Rxg5+ hxg5 37. h6+ Kh8 38. Qh5 Qe3 39. Bg4 a4 40. Qh2 Re5 41. Rd1 d5 42. Qh5 R8e7 43. h7 Qb6 44. Qh2 d4 45. Qe2 b3 46. Qc4 bxc2+ 47. Qxc2 Kxh7 1-0

[Event "Wch Rapid (Women)"]
[Site "Samarkand"]
[Date "2023.12.28"]
[Round "9"]
[White "Kovanova, Baira"]
[Black "Allahverdiyeva, Ayan"]
[Result "1-0"]
[WhiteElo "2337"]
[BlackElo "2148"]
[PlyCount "101"]
[EventDate "2023.12.26"]
[EventType "swiss (rapid)"]
[EventRounds "11"]
[EventCountry "UZB"]
[SourceTitle "CB01_2024"]
[SourceDate "2024.01.03"]
[SourceVersion "1"]
[SourceVersionDate "2024.01.03"]
[SourceQuality "1"]

1. e4 c5 2. Nf3 d6 3. Bb5+ Bd7 4. Bxd7+ Qxd7 5. 0-0 Nf6 6. Qe2 Nc6 7. c3 e6 8. d4 cxd4 9. cxd4 d5 10. e5 Ne4 11. Nbd2 Nxd2 12. Bxd2 Be7 13. g3 0-0 14. h4 f5 15. exf6 Bxf6 16. Bc3 Rae8 17. Rfe1 g6 18. Rad1 h6 19. Rd3 Bg7 20. Kg2 Qf7 21. Re3 Kh8 22. Qd3 a6 23. R1e2 Re7 24. a4 a5 25. Qb5 Qf5 26. Qc5 Ref7 27. Qd6 g5 28. hxg5 hxg5 29. Nh2 Rf6 30. Rxe6 g4 31. Rxf6 Rxf6 32. Qc7 Qh5 33. Qc8+ Rf8 34. Qxg4 Qxg4 35. Nxg4 Nxd4 36. Bxd4 Bxd4 37. Rd2 Bg7 38. Rxd5 Bxb2 39. Rxa5 Rd8 40. Rb5 Ba3 41. Rxb7 Bf8 42. Ne5 Kg8 43. a5 Rd2 44. Ng4 Bg7 45. a6 Ra2 46. a7 Kh7 47. Ne5 Kh6 48. Nc6 Bf8 49. Rb8 Bc5 50. a8Q Rxf2+ 51. Kh3 1-0

[Event "Wch Rapid (Women)"]
[Site "Samarkand"]
[Date "2023.12.26"]
[Round "3"]
[White "Zhai, Mo"]
[Black "Allahverdiyeva, Ayan"]
[Result "1-0"]
[WhiteElo "2339"]
[BlackElo "2148"]
[PlyCount "91"]
[EventDate "2023.12.26"]
[EventType "swiss (rapid)"]
[EventRounds "11"]
[EventCountry "UZB"]
[SourceTitle "CB01_2024"]
[SourceDate "2024.01.03"]
[SourceVersion "1"]
[SourceVersionDate "2024.01.03"]
[SourceQuality "1"]

1. d4 d5 2. c4 e6 3. Nf3 c5 4. e3 a6 5. Nc3 Nf6 6. a3 Nc6 7. dxc5 Bxc5 8. b4 Be7 9. Bb2 0-0 10. cxd5 exd5 11. Be2 Bf5 12. 0-0 h6 13. Rc1 Bd6 14. Na4 Ne4 15. Nc5 Bc8 16. Nxa6 Qe7 17. b5 Na5 18. Nb4 Bxb4 19. Qd4 Bc3 20. Bxc3 Nxc3 21. Rxc3 Be6 22. Qb4 Qxb4 23. axb4 Nc4 24. Nd4 Rfc8 25. Rfc1 Ra4 26. e4 Rxb4 27. exd5 Bxd5 28. Nf5 Kf8 29. Ne3 Be6 30. Bxc4 Bxc4 31. Rxc4 Rcxc4 32. Nxc4 Rxb5 33. Nd6 Rb6 34. Nf5 Kg8 35. g4 Kh7 36. Kg2 g6 37. Ne3 Rb5 38. Rc7 Kg7 39. Nc4 Rb4 40. Kg3 Rb3+ 41. f3 Rc3 42. Rc8 b5 43. Nd6 b4 44. Rb8 Rd3 45. Ne8+ Kf8 46. Nc7+ 1-0

[Event "Wch U18 Girls"]
[Site "Montesilvano"]
[Date "2023.11.22"]
[Round "9"]
[White "Allahverdiyeva, Ayan"]
[Black "Kurmangaliyeva, Liya"]
[Result "1-0"]
[WhiteElo "2152"]
[BlackElo "2236"]
[PlyCount "121"]
[EventDate "2023.11.13"]
[EventType "swiss"]
[EventRounds "11"]
[EventCountry "ITA"]
[SourceTitle "CB48_2023"]
[SourceDate "2023.11.29"]
[SourceVersion "1"]
[SourceVersionDate "2023.11.29"]
[SourceQuality "1"]

1. e4 c5 2. Nf3 e6 3. d4 cxd4 4. Nxd4 a6 5. a3 Qc7 6. c4 Nf6 7. Nc3 b6 8. Be2 Bb7 9. f3 Be7 10. Be3 0-0 11. Rc1 d6 12. g4 Rc8 13. g5 Nfd7 14. h4 Qd8 15. Kf2 Nc6 16. Nxc6 Bxc6 17. Qd4 Rab8 18. b4 Nf8 19. Rcg1 Nd7 20. h5 b5 21. cxb5 axb5 22. h6 Bf8 23. hxg7 Bxg7 24. Qxd6 Bxc3 25. g6 Nf6 26. gxh7+ Kh8 27. Qg3 Nxe4+ 28. fxe4 Qf6+ 29. Bf3 Qg7 30. Qh2 Qe5 31. Rg8+ Rxg8 32. hxg8Q+ Kxg8 33. Qh7+ Kf8 34. Bc5+ Ke8 35. Qg8+ Kd7 36. Rd1+ Kc7 37. Qxf7+ Kc8 38. Qf8+ Kb7 39. Qe7+ Qc7 40. Qxc7+ Kxc7 41. Bd6+ Kb7 42. Bxb8 Kxb8 43. Rd6 Kc7 44. Rxe6 Bb2 45. e5 Bd7 46. Ra6 Bxe5 47. Ra7+ Kc8 48. Ke3 Bh2 49. Kd3 Bg3 50. Ra6 Kc7 51. Kd4 Bf2+ 52. Kd5 Bb6 53. Ke5 Bf2 54. Rh6 Bg3+ 55. Kd5 Bf4 56. Rf6 Bg3 57. Rg6 Bf4 58. Rg7 Kd8 59. Bg4 Be8 60. Ke6 Bc6 61. Rf7 1-0

[Event "Wch U18 Girls"]
[Site "Montesilvano"]
[Date "2023.11.13"]
[Round "1"]
[White "Graziani, Emma"]
[Black "Allahverdiyeva, Ayan"]
[Result "0-1"]
[WhiteElo "1783"]
[BlackElo "2152"]
[PlyCount "76"]
[EventDate "2023.11.13"]
[EventType "swiss"]
[EventRounds "11"]
[EventCountry "ITA"]
[SourceTitle "CB48_2023"]
[SourceDate "2023.11.29"]
[SourceVersion "1"]
[SourceVersionDate "2023.11.29"]
[SourceQuality "1"]

1. e4 c5 2. Nf3 d6 3. d3 g6 4. g3 Bg7 5. Bg2 Nc6 6. 0-0 Nf6 7. Nbd2 0-0 8. Re1 e5 9. c3 h6 10. Nf1 b5 11. Ne3 a5 12. Nd5 Nxd5 13. exd5 Ne7 14. c4 bxc4 15. dxc4 a4 16. Nd2 Bd7 17. Ne4 Nc8 18. Nc3 Nb6 19. Bf1 f5 20. a3 Bc8 21. b4 e4 22. Bd2 Nd7 23. f4 exf3 24. Qxf3 Bd4+ 25. Kg2 Ne5 26. Qd1 f4 27. Rxe5 dxe5 28. bxc5 fxg3 29. hxg3 h5 30. Rb1 Rf2+ 31. Kh1 Bg4 32. Be2 Bxe2 33. Nxe2 Qd7 34. Ng1 Qf5 35. Qe1 Rxd2 36. Qxd2 Qxb1 37. Qg2 Bxc5 38. d6 Qxg1+ 0-1

[Event "Tamil Nadu IM 2nd"]
[Site "Chennai"]
[Date "2023.10.26"]
[Round "7"]
[White "Srihari, Lakshmi"]
[Black "Allahverdiyeva, Ayan"]
[Result "1-0"]
[WhiteElo "2200"]
[BlackElo "2198"]
[PlyCount "99"]
[EventDate "2023.10.23"]
[EventType "tourn"]
[EventRounds "9"]
[EventCountry "IND"]
[SourceTitle "Mega2024 Update 01"]
[Source "Chessbase"]
[SourceDate "2023.11.12"]
[SourceVersion "1"]
[SourceVersionDate "2023.11.12"]
[SourceQuality "1"]

1. e4 c5 2. Nf3 d6 3. d4 cxd4 4. Nxd4 Nf6 5. Nc3 a6 6. Bg5 Nbd7 7. Qf3 Qa5 8. h4 h6 9. Bd2 Qb6 10. Nb3 Ne5 11. Qe2 Bg4 12. f3 Nh5 13. Nd5 Qd8 14. Ba5 b6 15. Bxb6 Qb8 16. Nc7+ Kd7 17. Nxa8 Qxa8 18. Qxa6 Qxa6 19. Bxa6 Be6 20. 0-0-0 Nc4 21. Nc5+ Kc6 22. Nxe6 Nxb6 23. Nd8+ Kc7 24. Nxf7 Rh7 25. g4 Nf4 26. g5 h5 27. g6 Nxg6 28. Ng5 Rh8 29. Ne6+ Kd7 30. Nd4 Nf4 31. a4 e5 32. a5 Na8 33. Ne2 Ne6 34. Bb5+ Kc8 35. Bc6 Nac7 36. b4 Nd8 37. Bd5 g6 38. c4 Bh6+ 39. Kc2 Na6 40. b5 Nc5 41. a6 Rh7 42. Ra1 Ra7 43. Rhg1 Nd7 44. Rxg6 Be3 45. Rxd6 Rc7 46. Bc6 Nb8 47. Bd5 Nd7 48. Rd1 Bc5 49. Rh6 Bf2 50. Rxh5 1-0

[Event "Tamil Nadu IM 1st"]
[Site "Chennai"]
[Date "2023.10.20"]
[Round "8"]
[White "Harshad, S."]
[Black "Allahverdiyeva, Ayan"]
[Result "1-0"]
[WhiteElo "2177"]
[BlackElo "2198"]
[PlyCount "119"]
[EventDate "2023.10.16"]
[EventType "tourn"]
[EventRounds "9"]
[EventCountry "IND"]
[SourceTitle "Mega2024 Update 01"]
[Source "Chessbase"]
[SourceDate "2023.11.12"]
[SourceVersion "1"]
[SourceVersionDate "2023.11.12"]
[SourceQuality "1"]

1. e4 c5 2. Nf3 d6 3. d4 cxd4 4. Qxd4 Nc6 5. Qe3 g6 6. c4 Bg7 7. Nc3 Nf6 8. Be2 0-0 9. 0-0 Ng4 10. Qd2 Qa5 11. Rb1 Nge5 12. b4 Nxf3+ 13. Bxf3 Nxb4 14. Nd5 Nc6 15. Nxe7+ Kh8 16. Nxc6 Qxd2 17. Bxd2 bxc6 18. e5 Bf5 19. exd6 Bxb1 20. Rxb1 Rad8 21. c5 Bd4 22. Rc1 Rfe8 23. Ba5 Rb8 24. d7 Rg8 25. Rd1 Bf6 26. Bc7 Kg7 27. Bxb8 Rxb8 28. Bxc6 Rb2 29. h3 Bd8 30. Bd5 Rc2 31. c6 Rc5 32. g3 Kf6 33. Rd2 Ke7 34. Bf3 Re5 35. Kg2 h5 36. Bd5 Bb6 37. Bxf7 Kxf7 38. d8Q Bxd8 39. Rxd8 Rc5 40. Rd7+ Ke6 41. Rxa7 Rxc6 42. Ra3 Rc2 43. Re3+ Kf5 44. Rf3+ Ke5 45. Re3+ Kf5 46. a4 Ra2 47. Rf3+ Ke5 48. Rf4 g5 49. Rb4 Kf5 50. h4 g4 51. Rf4+ Ke5 52. Kf1 Rd2 53. Ke1 Rd5 54. Rb4 Rd3 55. Rb5+ Ke4 56. Rxh5 Ra3 57. Rg5 Kd3 58. Kf1 Rxa4 59. Kg2 Re4 60. h5 1-0

[Event "Tamil Nadu IM 1st"]
[Site "Chennai"]
[Date "2023.10.19"]
[Round "7"]
[White "Ziatdinov, Raset"]
[Black "Allahverdiyeva, Ayan"]
[Result "0-1"]
[WhiteElo "2081"]
[BlackElo "2198"]
[PlyCount "62"]
[EventDate "2023.10.16"]
[EventType "tourn"]
[EventRounds "9"]
[EventCountry "IND"]
[SourceTitle "Mega2024 Update 01"]
[Source "Chessbase"]
[SourceDate "2023.11.12"]
[SourceVersion "1"]
[SourceVersionDate "2023.11.12"]
[SourceQuality "1"]

1. e4 c5 2. Nf3 d6 3. d4 cxd4 4. Nxd4 Nf6 5. Nc3 a6 6. Bg5 Nbd7 7. f4 Qc7 8. Qf3 b5 9. 0-0-0 Bb7 10. a3 g6 11. Bd3 Bg7 12. Rhe1 0-0 13. Qh3 e5 14. Nf3 Rfe8 15. f5 Rac8 16. Bh6 d5 17. fxg6 hxg6 18. Ng5 d4 19. Bxg7 Kxg7 20. Nd5 Bxd5 21. exd5 e4 22. d6 Qc6 23. Rxe4 Rxe4 24. Bxe4 Nxe4 25. Qh7+ Kf6 26. Nxe4+ Qxe4 27. Rf1+ Ke5 28. Kb1 Rxc2 29. Ka1 Rf2 30. Qg7+ Kxd6 31. Rd1 Qe5 0-1

[Event "Titled Tuesday intern op 16th May Early"]
[Site "Chess.com INT"]
[Date "2023.05.16"]
[Round "6"]
[White "Allahverdiyeva, Ayan"]
[Black "Necula, Iulian"]
[Result "1-0"]
[WhiteElo "2055"]
[BlackElo "1851"]
[PlyCount "65"]
[EventDate "2023.05.16"]
[EventType "swiss (blitz)"]
[EventRounds "11"]
[EventCountry "USA"]
[SourceTitle "CBM 214 Extra"]
[Source "ChessBase"]
[SourceDate "2023.07.31"]
[SourceVersion "1"]
[SourceVersionDate "2023.07.31"]
[SourceQuality "1"]

1. e4 d6 2. d4 Nf6 3. Nc3 Nbd7 4. f4 e5 5. Nf3 exd4 6. Qxd4 c6 7. Be3 d5 8. 0-0-0 Bc5 9. Qd2 Bxe3 10. Qxe3 0-0 11. exd5 Re8 12. Qd2 Qa5 13. d6 b5 14. Kb1 b4 15. Ne2 Ne4 16. Qd4 c5 17. Qd5 Nc3+ 18. bxc3 bxc3 19. Ka1 Rb8 20. Ng5 Rf8 21. Qc4 Rb2 22. Nxc3 Rxc2 23. Nge4 Nb6 24. Qb5 Qa3 25. Qb3 Rc1+ 26. Rxc1 Qxc1+ 27. Qb1 Qxf4 28. Bb5 Nc4 29. Bxc4 Bf5 30. Rf1 Qe3 31. Rxf5 Qd4 32. Bxf7+ Rxf7 33. Qb8+ 1-0

[Event "Titled Tuesday intern op 16th May Early"]
[Site "Chess.com INT"]
[Date "2023.05.16"]
[Round "1"]
[White "Levitsky, Andrey"]
[Black "Allahverdiyeva, Ayan"]
[Result "1-0"]
[WhiteElo "2304"]
[BlackElo "2055"]
[PlyCount "63"]
[EventDate "2023.05.16"]
[EventType "swiss (blitz)"]
[EventRounds "11"]
[EventCountry "USA"]
[SourceTitle "CBM 214 Extra"]
[Source "ChessBase"]
[SourceDate "2023.07.31"]
[SourceVersion "1"]
[SourceVersionDate "2023.07.31"]
[SourceQuality "1"]

1. e4 c5 2. Nf3 d6 3. d4 cxd4 4. Nxd4 Nf6 5. Nc3 a6 6. h3 e6 7. g4 Be7 8. g5 Nfd7 9. h4 b5 10. a3 Bb7 11. Be3 0-0 12. Qd2 Nc6 13. Nxc6 Bxc6 14. h5 Rb8 15. g6 b4 16. axb4 Rxb4 17. b3 Ne5 18. gxh7+ Kxh7 19. Be2 f5 20. f4 Bh4+ 21. Kd1 Ng4 22. Bxg4 fxg4 23. Rxa6 Qc8 24. Rxc6 Qxc6 25. Rxh4 Rc8 26. Bd4 e5 27. fxe5 dxe5 28. Bxe5 Qb6 29. Rxg4 Rd8 30. Rxg7+ Kh8 31. Rd7+ Kg8 32. Qg5+ 1-0